-
BAR CONUCIL OF INDIA TRUST
Entry Personal Name
Number of records used in: 1
001 - CONTROL NUMBER
003 - CONTROL NUMBER IDENTIFIER
005 - DATE AND TIME OF LATEST TRANSACTION
- control field:
20220329135045.0
008 - FIXED-LENGTH DATA ELEMENTS
- fixed length control field:
220329|| aca||aabn | a|a d
040 ## - CATALOGING SOURCE
- Original cataloging agency:
OSt
- Transcribing agency:
OSt
100 ## - HEADING--PERSONAL NAME
- Personal name:
BAR CONUCIL OF INDIA TRUST
670 ## - SOURCE DATA FOUND
- Source citation:
Work cat.: (OSt): BAR CONUCIL OF INDIA TRUST, INDIAN BAR REVIEW [VOL-46] ( 4 ) 2019: Special issue on legal education continuing legal education and clinical legal education, 2019